Il centro antico di Capua: metodi di analisi per la planificazione architettonico-urbanistica

Saved in:
Bibliografiske detaljer
Main Authors: Brock, Ingrid (Author), Giuliani, Paolo (Author), Moisescu, Cristian (Author)
Format: Bog
Sprog:italiensk
Udgivet: Padua Marsilio 1972
Fag:
Tags: Tilføj Tag
Ingen Tags, Vær først til at tagge denne postø!

MARC

LEADER 00000nam a2200000 a 4500
001 UCO0190
003 CL-VaPUC
008 000420e19720000IT |||||||||||||||||ita|d
082 0 4 |a 711.409  |b BRO  |2 21 
100 0 |a Brock, Ingrid  |e author  |9 441285 
700 0 |a Giuliani, Paolo  |e author  |9 441286 
700 0 |a Moisescu, Cristian  |e author  |9 441287 
245 1 3 |a Il centro antico di Capua: metodi di analisi per la planificazione architettonico-urbanistica 
300 |a 133 p 
942 |c BK 
945 |d 20000420 00:00:00  |a crobeson 
260 |a Padua  |b Marsilio  |c 1972 
650 0 |a Planificación urbana   |9 258176 
650 7 |a URBANISTICA  |2 CL-VaPUC  |9 439978 
650 7 |a URBANISMO HISTORIA  |2 CL-VaPUC  |9 268823 
651 0 |a Italia  |9 254949 
583 |a last modification  |c 20000420 00:00:00  |k Rodrigo Vera 
999 |c 286906  |d 286904 
952 |0 0  |1 0  |4 0  |6 711_409000000000000_BRO_1972  |7 0  |8 X  |9 333173  |a BIBHIS  |b BIBHIS  |d 2019-11-20  |i 1399365  |o 711.409 BRO 1972  |p 1399365  |r 2024-01-30  |w 2019-11-20  |y BK_X  |k HIS